| 000 | 00457nam a2200193Ia 4500 | ||
|---|---|---|---|
| 008 | 170918s9999 xx 000 0 und d | ||
| 020 | _a140430148 | ||
| 050 | _bC713mo 1986 | ||
| 100 | _aCollins, Wilkie | ||
| 245 | 4 | _aThe moonstone / | |
| 245 | _cby Wilkie Collins. | ||
| 260 | _aEngland : | ||
| 260 | _bPenguin Books, | ||
| 260 | _c1986 | ||
| 300 | _a527 pages : | ||
| 300 | _billustrations ; | ||
| 300 | _c18cm. | ||
| 300 | _ePenguin classics. | ||
| 999 |
_c343477 _d343477 |
||